[Event "Agai Sachdeva Memorial"]
[Site "Agra"]
[Date "2024.08.11"]
[Round "8"]
[White "Shaurya, Chaudhary"]
[Black "Vishwanath, Kannam"]
[Result "0-1"]
[WhiteElo "1791"]
[BlackElo "1695"]
[PlyCount "83"]
[EventDate "2024.08.09"]
[EventType "swiss"]
[EventRounds "9"]
[EventCountry "IND"]
[SourceTitle "EXT 2025"]
[Source "ChessBase"]
[SourceDate "2024.10.14"]
[SourceVersion "1"]
[SourceVersionDate "2024.10.14"]
[SourceQuality "1"]

1. d4 d5 2. c4 e6 3. Nc3 Nf6 4. cxd5 exd5 5. Bg5 Be7 6. e3 0-0 7. Bd3 c6 8. Nge2 Bg4 9. Qc2 h6 10. Bf4 Nbd7 11. f3 Be6 12. g4 b5 13. 0-0-0 b4 14. Na4 c5 15. dxc5 Nxc5 16. Nxc5 Bxc5 17. Kb1 Qa5 18. Nd4 Rac8 19. Qg2 Bxd4 20. exd4 Nd7 21. g5 g6 22. gxh6 Kh7 23. Rhg1 Rg8 24. h4 b3 25. axb3 Qb6 26. h5 Bf5 27. Bxf5 gxf5 28. Qh3 Qf6 29. Qh2 Rce8 30. Rxg8 Rxg8 31. Qf2 Nf8 32. Qc2 Nd7 33. Qc7 Qe6 34. Qc2 Nf6 35. Qh2 Nd7 36. Qh4 Qe2 37. Qe1 Qxf3 38. Bc1 Qxh5 39. Rd2 f4 40. Rf2 Qf5+ 41. Ka1 Rg6 42. Rxf4 0-1